| 000 | 00524nam a2200169Ia 4500 | ||
|---|---|---|---|
| 005 | 20240905061624.0 | ||
| 008 | 240331s9999 xx 000 0 und d | ||
| 020 | _a9555800030 | ||
| 082 |
_bSAM _a613.042 |
||
| 100 | _aSamarasinghe, V. others | ||
| 245 | 0 | _aMaternal nutrition and health status of Indian Tamil female tea plantation workers in Sri Lanka | |
| 260 |
_aSri Lanka _bInternational Centre For Ethnic Studies _c1990 |
||
| 300 | _aiv, 56 p ., | ||
| 650 | _aMaternal Nutrition | ||
| 650 | _aPlantation | ||
| 942 | _cL | ||
| 999 |
_c3046 _d3046 |
||